Highest-Rated Chess Players - Statistics

General Stats
  • This quiz has been taken 479 times
  • The average score is 11 of 20
Answer Stats
Country Player % Correct
Norway Magnus Carlsen
99%
India Viswanathan Anand
86%
United States Hikaru Nakamura
84%
United States Fabiano Caruana
79%
China Ding Liren
74%
Netherlands Anish Giri
73%
Armenia Levon Aronian
73%
France Maxime Vachier-Lagrave
68%
United States Wesley So
66%
Bulgaria Veselin Topalov
59%
Russia Vladimir Kramnik
58%
Azerbaijan Shakhriyar Mamedyarov
46%
Russia Alexander Grischuk
44%
Russia Sergey Karjakin
44%
United Kingdom Michael Adams
26%
India Pentala Harikrishna
24%
Russia Peter Svidler
20%
China Yu Yangyi
19%
Ukraine Pavel Eljanov
6%
China Li Chao
5%
No matching quizzes found
Score Distribution
Percent of People with Each Score
Percentile by Number Answered
Your Score History
You have not taken this quiz